Gaming Quiz

Random Gaming Quiz

Touhou Characters by Spell Card Quiz Stats

Quiz not verified by Sporcle

Challenge
Share
Tweet
Embed
Score 0/62 Timer 09:00
0 Plays Today
Spell Card Character % Correct
Bird Sign 'Mysterious Song' Mystia Lorelei
94%
Ice Sign 'Icicle Fall' Cirno
92%
Love Sign 'Master Spark' Marisa Kirisame
91.5%
Cold Sign 'Lingering Cold' Letty Whiterock
91.3%
Darkness Sign 'Foggy London Dolls' Alice Margatroid
90.3%
Forbidden Arcanum 'Hourai Elixir' Eirin Yagokoro
85.6%
Colorful Sign 'Extreme Color Typhoon' Hong Meiling
85%
Firefly Sign 'Meteor on Earth' Wriggle Nightbug
84.2%
Jealousy Sign 'Green-Eyed Monster' Parsee Mizuhashi
83.8%
Judgement 'Guilty or Not Guilty' Shikieiki Yamaxanadu
82.4%
Flower Sign 'Reflowering of the Gensokyo' Yuuka Kakami
82.3%
Native God 'Seven Stones and Seven Trees' Suwako Moriya
82.3%
Water Sign 'Kappa's Flash Flood' Nitori Kawashiro
81.3%
Harbor Sign 'Ghost Ship's Port' Minamitsu Murasa
80.3%
Fire & Earth Sign 'Lava Cromlech'Patchouli Knowledge
80%
Drunkard's Walk 'Cat Random Walk' Rin Kaenbyou
78.6%
'Fantasy Heaven'Reimu Hakurei
78.1%
Secret Barrage 'And Then Will There Be None?'Flandre Scarlet
77.4%
'Subterranean Sun' Utsuho Reiuji
77.2%
Bounded Field 'Mesh of Light and Darkness'Yukari Yakumo
76.5%
Death Sign 'Ghastly Dream'Yuyuko Saigyouji
76.3%
Oni's Voice 'Annihilating Roar' Yuugi Hoshiguma
74.6%
Shikigami 'Dakini's Heavenly Possession'Ran Yakumo
74.6%
Bumper Crop 'Promise of the Wheat God' Minoriko Aki
74%
Far-sightedness 'Tengu Psychography' Hatate Himekaidou
73.5%
Horror 'Well-bucket-dropping Monster' Kisume
73.1%
Fist 'Falling Sky Hammer' Ichirin Kumoi
71.8%
Trumpet Ghost 'Hino Phantasm' Merlin Prismriver
70.7%
Search Sign 'Gold Detector' Nazrin
69.8%
Keystone 'Sky's Spiritual Stone' Tenshi Hinanai
69.5%
Qi of Oni 'Deep Fog Labyrinth' Suika Ibuki
69%
Spell Card Character % Correct
Forgiveness 'Honest Man's Death' Fujiwara no Mokou
68.5%
Snake Sign 'Ground Serpent' Kanako Yasaka
68.3%
Night Sign 'Night Bird'Rumia
67.8%
Subconscious 'Rorschach in Danmaku'Koishi Komeiji
67%
Divine Treasure 'Salamander Shield' Kaguya Houraisan
63.8%
String Performance 'Guarneri del Gesù' Lunasa Prismriver
63.6%
Six Realms Sword 'Ageless Obsession' Youmu Konpaku
61.4%
Oni Sign 'Blue Oni Red Oni'Chen
60.6%
Unidentified 'Red Cloak, Blue Cloak' Nue Houjuu
59%
Leaf Sign 'Falling Leaves of Madness' Shizuha Aki
58.5%
Miracle 'Night of the Supernova Storm' Sanae Kochiya
57.9%
Recollection 'Terrible Souvenir' Satori Komeiji
57.8%
Midnight Sign 'Demon King Cradle'Remilia Scarlet
57.2%
Rain Sign 'A Rainy Night's Ghost Story' Kogasa Tatara
55.3%
Flawed Sign 'Broken Amulet'Hina Kagiyama
55.2%
Great Magic 'Devil's Recitation' Byakuren Hijiri
54.5%
Moon Sign 'Luna Cyclone' Luna Child
52.7%
Miasma 'Unexplained Fever' Yamame Kurodani
52.4%
Treasure Sign 'Dazzling Gold' Shou Toramaru
52.4%
'Illusionary Dominance' Aya Shameimaru
52%
Star Sign 'Starlight Rain' Star Sapphire
49.2%
Phantasmal Bullet 'Illusion Parallax (Bluff Barrage)'Reisen Udongein Inaba
48.6%
Noise Sign 'Soul Noise Flow' Lyrica Prismriver
47.6%
Void 'Inflation Square'Sakuya Izayoi
42.4%
Mountain Nomad 'Expellee's Canaan' Momiji Inubashiri
39.2%
Star Light 'Light Dragon's Sigh'Iku Nagae
38.8%
Confusion 'Into Delirium' Medicine Melancholy
38.5%
Flickering Light 'Fatal Flash' Sunny Milk
35.1%
Malice Sign 'Irresolute, Bound Spirit' Komachi Onozuka
33.7%
Shroud Sign 'Rain in Showa'Keine Kamishirasawa
28.7%
Owing Sign 'Vulnerary of Ohnamuji-sama'Tewi Inaba
27.7%

You're not logged in!

Compare scores with friends on all Sporcle quizzes.
Join for Free
OR
Log In

You Might Also Like...

Show Comments

Extras

Created Dec 10, 2010ReportNominate
Tags:character, owner, spelling, touhou

Top Quizzes Today


Score Distribution

Your Account Isn't Verified!

In order to create a playlist on Sporcle, you need to verify the email address you used during registration. Go to your Sporcle Settings to finish the process.

Report this User

Report this user for behavior that violates our Community Guidelines.

Details: